000 00618nam a22002297a 4500
003 IBSLLIB
005 20260513091337.0
008 260513b |||||||| |||| 00| 0 eng d
020 _a0671223534
040 _aIBSLLIB
_beng
041 _hEnglish
082 _a658.4
_bMAC
100 _aMaccoby , Michael
245 _aThe Gamesman:
_bThe New Corporate Leaders
260 _aNew York :
_bSimon And Schuster ,
_c1933
300 _a287 P ;
_c22 cm
650 _aThe Gamesman
653 _aExecutives - United States
653 _aExecutives United States - Interviews
653 _aLeadership
942 _cLBK
999 _c22128
_d22128